• 首页
  • 本馆介绍
  • 公告通知
  • 最新文献
  • 馆藏检索
  • 电子资源
  • 读者导购
  • 参考咨询
  • 我的图书馆
  • 登录
  • 详细信息显示
  • 放入我的书架
  • 预约/预借图书
  • 作者相关作品
  • 分类相关作品
  • 丛书相关作品
  • 出版社相关作品

书目信息

  • 表格格式
  • 工作单格式
  • 卡片格式
题名:
包装设计
    
 
作者: 江奇志 编著
分册:  
出版信息: 北京   北京大学出版社  2021.2
页数: 293页
开本: 26cm
丛书名:
单 册:
中图分类: TB482
科图分类:
主题词: 包装设计--手册
电子资源:
ISBN: 978-7-301-30419-8
000 01389nam0 2200313 45
001 012001000613
005 20130909105200.0
010    @a978-7-301-30419-8@dCNY79.00
099    @aCAL 012019080139
100    @a20190612d2019 em y0chiy0110 ea
101 0  @achi
102    @aCN@b110000
105    @aa a 000yy
106    @ar
200 1  @a包装设计@Abao zhuang she ji@d= Packing design@e平面设计师高效工作手册@f江奇志编著@zeng
210    @a北京@c北京大学出版社@d2021.2
215    @a293页@c图 (部分彩图)@d26cm
300    @a并列题名:Packing design
300    @a其他题名:平面设计师高效工作手册
320    @a有书目
330    @a本书分为三大篇(共6章),第1篇是原理篇,先结合新形势介绍包装的新内涵,再基于包装设计流程梳理了各个流程的设计要点。第2篇是鉴赏篇,通过剖析世界知名的经典包装设计,分析了十个企业常规包装设计的实用之处,从两个维度解读包装的设计之道。第3篇是实践篇,首先介绍了常规的设计制图方法,其次介绍了用3ds Max绘制照片及包装效果图的方法,最后专门介绍了专业包装结构设计软件Esko ArtiosCAD的使用方法。
333    @a本书不仅适合广大职业院校及计算机培训学校作为相关专业的教材用书,也可以作为广告设计初学者、设计爱好者的学习参考书。
510 1  @aPacking design@zeng
517 1  @a平面设计师高效工作手册
606 0  @a包装设计@j手册
690    @aTB482@v5
701  0 @a江奇志@Ajiang qi zhi@4编著
801    @aCN@b江苏凤凰@c20211018
905    @b1340340-3@dTB482@e628@f4
    
    包装设计= Packing design:平面设计师高效工作手册/江奇志编著.-北京:北京大学出版社,2021.2
    293页:图 (部分彩图);26cm
    并列题名:Packing design.-其他题名:平面设计师高效工作手册.-使用对象:本书不仅适合广大职业院校及计算机培训学校作为相关专业的教材用书,也可以作为广告设计初学者、设计爱好者的学习参考书。
    
    ISBN 978-7-301-30419-8:CNY79.00
    本书分为三大篇(共6章),第1篇是原理篇,先结合新形势介绍包装的新内涵,再基于包装设计流程梳理了各个流程的设计要点。第2篇是鉴赏篇,通过剖析世界知名的经典包装设计,分析了十个企业常规包装设计的实用之处,从两个维度解读包装的设计之道。第3篇是实践篇,首先介绍了常规的设计制图方法,其次介绍了用3ds Max绘制照片及包装效果图的方法,最后专门介绍了专业包装结构设计软件Esko ArtiosCAD的使用方法。
●
相关链接 在E读中查询图书 在五车中查询图书 在当当中查询图书 在豆瓣中查询图书


正题名:包装设计     索取号:TB482/628         预约/预借

序号 登录号 条形码 馆藏地/架位号 状态 备注
1 1340340   213403404   第二样本阅览室/ [索取号:TB482/628] 在馆    
2 1340341   213403413   第三借阅区/ [索取号:TB482/628] 在馆    
3 1340342   213403422   第三借阅区/ [索取号:TB482/628] 在馆    
4 1340343   213403431   第三借阅区/ [索取号:TB482/628] 在馆    
唐山师范学院图书馆 欢迎您!
大连网信软件有限公司© 版权所有